Quizzes
Events
Quiz Creation
Community
Videos
Private Events
Remove Ads
Sign In
Join for FREE
Feedback
Dark Mode
Quiz Categories
Sports
Geography
Music
Movies
Television
Just For Fun
Miscellaneous
History
Literature
Language
Science
Gaming
Entertainment
Religion
Holiday
For Kids
Quiz Lab
Recent
Popular Today
Quiz Kudos Today
Editor Picks
Curator Picks
Quizzes by...
Day
Popularity
Type
Ratings
Length
Year
Community
Subscriptions
Recent Discussions
Orange Saloon
Badges
Playlists
Quests
Create
Leaderboards
Showdown
Live 5
Trivia Bingo
Activity
Puzzle Library
Sporcle Events
Private Events
Virtual Trivia
Globe League
Become a Host
Pub Owners
SporcleCon
Opinionation
Our Games
Videos
Blog
Mobile Apps
Partnerships
Remove Ads and Go Orange
Feedback
Music
Pop Music
The Beatles
Song
Album
Lyrics
Bands
Singers
Artist
Clip
Rock
Rap
Classical
Billboard
Country Music
Kpop
Taylor Swift
Music
Pop Music
The Beatles
Song
Album
Lyrics
Bands
Singers
Artist
Clip
Rock
Rap
Classical
Billboard
Country Music
Kpop
Taylor Swift
Random Quiz
Search Sporcle
×
Quiz Lab
Quiz Lab
Music
Pop Music
Type in answers that appear in a list
Type in answers that appear in a list
Classic
Best Score? Go Orange.
Guess the Lyrics - Alicia Keys - If I Ain't Got You Stats
Can you name the lyrics to the Alicia Keys song If I Ain't Got You?
By
amzzz13
10m
267 Questions
1,162 Plays
1,162 Plays
1,162 Plays
Comments
Comments
Give Quiz Kudos
Give Quiz Kudos
-
- Ratings
hide this ad
Replay
Link that replays current quiz
Next Quiz
Link to next quiz in quiz playlist
You Got
0%
They Got
Avg Score
90%
Avg Friend Score
Upgrade to see
Score Distribution
Jump to the score distribution portion of the page
Score
0/267
Timer
10:00
1
Play Today
% Correct
So
97.8%
me
97.8%
me
97.8%
me
97.8%
So
97.8%
me
97.8%
the
97.8%
the
97.8%
the
97.8%
the
97.8%
the
97.8%
and
97.8%
a
97.8%
the
97.8%
a
97.8%
And
97.8%
the
97.8%
the
97.8%
a
97.8%
And
97.8%
a
97.8%
Some
97.6%
people
97.6%
Some
97.6%
people
97.6%
Some
97.6%
people
97.6%
Some
97.6%
people
97.6%
Some
97.6%
people
97.6%
Some
97.6%
people
97.6%
Some
97.6%
people
97.6%
Some
97.6%
Some
97.6%
people
97.6%
Some
97.6%
people
97.6%
Some
97.6%
people
97.6%
Some
97.6%
people
97.6%
Some
97.6%
Some
97.6%
people
97.6%
Some
97.6%
people
97.6%
Some
97.6%
you
97.2%
you
97.2%
you
97.2%
you
97.2%
you
97.2%
you
97.2%
you
97.2%
you
97.2%
you
97.2%
you
97.2%
you
97.2%
you
97.2%
you
97.2%
you
97.2%
want
96.8%
want
96.8%
if
96.8%
If
96.8%
want
96.8%
want
96.8%
If
96.8%
want
96.8%
want
96.8%
If
96.8%
If
96.8%
want
96.8%
want
96.8%
If
96.8%
want
96.8%
want
96.8%
want
96.8%
If
96.8%
If
96.8%
want
96.8%
want
96.8%
If
96.8%
If
96.8%
If
96.8%
ain't
96.5%
% Correct
ain't
96.5%
ain't
96.5%
ain't
96.5%
ain't
96.5%
ain't
96.5%
ain't
96.5%
ain't
96.5%
ain't
96.5%
ain't
96.5%
ain't
96.5%
for
96.4%
for
96.4%
for
96.4%
got
96.4%
got
96.4%
for
96.4%
for
96.4%
got
96.4%
got
96.4%
got
96.4%
got
96.4%
got
96.4%
got
96.4%
just
96%
just
96%
just
96%
just
96%
just
96%
no
95.8%
no
95.8%
it
95%
nothing
95%
it
95%
nothing
95%
it
95%
it
95%
nothing
95%
it
95%
nothing
95%
it
95%
nothing
95%
nothing
95%
it
95%
nothing
95%
nothing
95%
But
94.8%
all
94.8%
But
94.8%
all
94.8%
but
94.8%
all
94.8%
But
94.8%
all
94.8%
but
94.8%
all
94.8%
But
94.8%
all
94.8%
But
94.8%
all
94.8%
But
94.8%
don't
94.6%
don't
94.6%
don't
94.6%
don't
94.6%
don't
94.6%
baby
94.1%
baby
94.1%
baby
94.1%
baby
94.1%
baby
94.1%
baby
94.1%
baby
94.1%
baby
94.1%
live
93.4%
live
93.4%
live
93.4%
live
93.4%
at
92.5%
at
92.5%
at
92.5%
at
92.5%
to
92.3%
to
92.3%
to
92.3%
everything
91.6%
everything
91.6%
everything
91.6%
everything
91.6%
everything
91.6%
% Correct
everything
91.6%
rings
91%
rings
91%
rings
91%
diamond
91%
diamond
91%
diamond
91%
fame
90.6%
that
90%
that
90%
That
90%
fortune
89.9%
mean
89.9%
thing
89.7%
means
88.4%
means
88.4%
means
88.4%
I
87.6%
I
87.6%
I
87.6%
I
87.6%
I
87.6%
I
87.6%
I
87.6%
I
87.6%
I
87.6%
I
87.6%
I
87.6%
I
87.6%
think
86.2%
game
86%
With
86%
With
86%
with
86%
with
86%
play
85.6%
what
85.5%
power
85.4%
yeah
84.8%
yeah
84.8%
yeah
84.8%
be
84%
in
81.8%
on
80.7%
things
79.9%
define
78.9%
world
78.1%
world
78.1%
love
77.6%
physical
77%
what's
74.9%
who
73.8%
I've
73.5%
within
73%
of
73%
superficial
72.2%
there
72%
been
71.7%
one
70.2%
one
70.2%
before
70%
need
69.7%
silver
68.9%
platter
68.6%
search
68.1%
roses
67.9%
way
67.5%
only
67.2%
forever
67.1%
life's
67%
that's
66.9%
them
66.9%
prove
66.2%
this
66.2%
fountain
65.9%
cares
65.7%
young
65.5%
dozen
65.2%
bore
65.1%
truly
63.8%
Hand
63.7%
share
63.7%
promises
63%
would
62.7%
whole
62%
three
61.2%
full
60.9%
wide
58.6%
good
52.9%
Quiz Playlist
Details
Report
Send in Message
Add To Playlist
Classic:
Type in answers that appear in a list
Last Updated: Mar 6, 2017
Quiz Scoreboard
CHALLENGE
Sign Up to Join the Scoreboard
Show All
Scores
Hide
Comments
May contain spoilers
Recently Published
Billboard Blitz: Fleetwood Mac
by CooCooCachoo
Music
15s
Presidents Visiting Landmarks
by Hejman
History
7m
An Introduction to Baseball
by treessimontrees
Sports
5m
More to Explore
Quiz From the Vault
Featured Blog Post
Where Did the Easter Bunny Come From?
hide this ad
You Might Also Like...
Tags
Lyrics Quiz
Pop Music Quiz
Song Quiz
Alicia Keys
RNB
Today's Top Quizzes in Music
Browse Music
hide this ad
Today's Top Quizzes in Pop Music
Browse Pop Music
Top Contributed Quizzes in Music
1
Taylor Swift All Songs (2024)
2
Guess the Artist- 70s Songs
3
7-to-1: Billboard Hot 100 #1 Hits of 2010s
4
Sorting Albums and Songs
5
Taylor Swift Logic Puzzle
6
One Thing in Common: Music
7
2010s Album by Cover III
8
KPOP LOGIC QUIZ
9
Guess the Taylor Swift song (Mystery Song)
10
Guess the Artist- 80s Songs
Explore More
Trending Topics
NBA
Crossword
Harry Potter
Anime
Kpop
Disney
Marvel
Song
Pokémon
Puzzle
The Office
Soccer
WWE
NFL
Country
hide this ad
More By:
amzzz13
Quiz
Plays
Rating
Category
Featured
Created
Word Ladder: Cat Actions
12,114
3.83
Just For Fun
Jul 9, 2015
Guess the Lyrics - Alicia Keys - If I Ain't Got You
1,162
5.00
Music
Mar 6, 2017
Coloured Lyrics Blitz! (Clickable)
502
4.00
Music
Mar 7, 2017
Stephen King A-Z
144
3.67
Literature
Feb 18, 2015
Doggy Word Ladder: From Bark to Bite
109
4.83
Just For Fun
Mar 2, 2017
Go to Creator's Profile
Score Distribution
Quiz Creator Spotlight
amzzz13
Follow
Send a Message
Quizzes Created
-
Created Quiz Play Count
-
More By This Creator
Popular Quizzes Today
1
Find the US States - No Outlines Minefield
2
Find the Countries of Europe - No Outlines Minefield
3
The Countries of the World
4
Find the US States
5
Popular People in 1961
6
US States
7
Risky Map Clicking: Biggest States A-Z
8
Movies - When Are They Set?
More Music Quizzes
Foreign Lyrics in Pop Songs
Published
Trending Quizzes
Risky Map Clicking: Least Populous States A-Z
1-10 Letter G Words
1-10 Letter F Words
Risky Map Clicking: Next State Alphabetically
Risky Map Clicking: Biggest States A-Z
Recently Updated
Leaping Animals
pecheneg
Reality TV Shows (A-Z)
bhenderson79
Rickey Henderson's Hall of Fame Teammates
pecheneg
Champions League XIs: Arsenal
pecheneg
Quick Pick: Celebrities in WWE's Hall of Fame
aduchscher
A-Z Keypad Blitz II
pecheneg
Multiple Oscar Actors
pecheneg
Mystery Phrase Blitz: Oscar 'Best Actors'
pecheneg
F. Scott Fitzgerald Novels
LTH
Pick 3 Villains
ddd62291
Trending Topics
Kpop
Disney
Crossword
Harry Potter
Anime
Marvel
NBA
NFL
WWE
The Office
Puzzle
Country
Song
Soccer
Pokémon
Your Account Isn't Verified!
In order to create a playlist on Sporcle, you need to verify the email address you used during registration. Go to your
Sporcle Settings
to finish the process.
Report this User
Report this user for behavior that violates our
Community Guidelines
.
Details:
Send Report
Go to the Sporcle.com Mobile Site →
Comments